000
00192nam a22000857a 4500
008
170429b xxu||||| |||| 00| 0 eng d
100
_9
3093
_a
Arora
245
_a
Science Biology
260
_a
New Delhi
999
_c
6380
_d
6380